Every Song by Maroon 5 - Statistics

General Stats
  • This quiz has been taken 228 times
    56 since last reset
  • The average score is 40 of 143
Answer Stats
Album Song % Correct
Songs About Jane(2002) This Love
93%
Hands All Over(Bonus)(2010) Moves Like Jagger
87%
Songs About Jane(2002) The Sun
83%
V(2014) Animals
80%
V(2014) Maps
80%
Overexposed(2012) Payphone
80%
Songs About Jane(2002) Sunday Morning
80%
Overexposed(2012) One More Night
77%
Songs About Jane(2002) She Will Be Loved
77%
V(2014) Sugar
73%
It Won't Be Soon Before Long(2007) Makes Me Wonder
67%
JORDI(2021) Memories
67%
Hands All Over(2010) Misery
67%
Red Pill Blues(2017) Girls Like You
63%
Red Pill Blues(Bonus)(2017) Cold
60%
Songs About Jane(2002) Harder to Breathe
60%
Love Is Like(2025) Love Is Like
50%
Red Pill Blues(2017) What Lovers Do
50%
It Won't Be Soon Before Long(2007) Won't Go Home Without You
47%
Overexposed(2012) Daylight
43%
V(2014) Leaving California
43%
Songs About Jane(2002) Must Get Out
43%
Love Is Like(2025) Priceless
43%
Songs About Jane(2002) Shiver
43%
Love Is Like(2025) Yes I Did
43%
Love Is Like(2025) California
40%
Overexposed(2012) Love Somebody
40%
The Fourth World(1997) Soap Disco
40%
Red Pill Blues(Bonus)(2017) Don't Wanna Know
37%
Hands All Over(2010) Hands All Over
37%
Love Is Like(2025) Hideaway
37%
Overexposed(2012) Lucky Strike
37%
Red Pill Blues(2017) Wait
37%
It Won't Be Soon Before Long(2007) Wake Up Call
37%
JORDI(2021) Beautiful Mistakes
33%
Love Is Like(Bonus)(2025) Ice Cream
33%
JORDI(2021) Lost
33%
Songs About Jane(2002) Not Coming Home
33%
Love Is Like(2025) All Night
30%
Love Is Like(Bonus)(2025) Cigarettes
30%
It Won't Be Soon Before Long(2007) Kiwi
30%
Overexposed(2012) Ladykiller
30%
Songs About Jane(2002) Tangled
30%
Overexposed(2012) Tickets
30%
V(2014) Unkiss Me
30%
Overexposed(Bonus)(2012) Wipe Your Eyes
30%
Love Is Like(2025) Burn Burn Burn
27%
V(2014) Feelings
27%
Hands All Over(2010) Give a Little More
27%
It Won't Be Soon Before Long(2007) Goodnight, Goodnight
27%
It Won't Be Soon Before Long(2007) If I Never See Your Face Again
27%
V(2014) It Was Always You
27%
JORDI(2021) Lovesick
27%
Songs About Jane(Bonus)(2002) Ragdoll
27%
Hands All Over(2010) Runaway
27%
Overexposed(2012) Sad
27%
Songs About Jane(2002) Secret
27%
Hands All Over(2010) Stutter
27%
Songs About Jane(2002) Sweetest Goodbye
27%
V(Bonus)(2014) This Summer's Gonna Hurt Like a Motherfucker
27%
It Won't Be Soon Before Long(2007) Back at Your Door
23%
It Won't Be Soon Before Long(2007) Can't Stop
23%
Songs About Jane(Bonus)(2012) Chilly Winter
23%
Red Pill Blues(Bonus)(2017) Denim Jacket
23%
Overexposed(2012) Doin' Dirt
23%
JORDI(2021) Echo
23%
Overexposed(2012) Fortune Teller
23%
Red Pill Blues(2017) Help Me Out
23%
Hands All Over(2010) How
23%
Love Is Like(2025) Jealousy Problems
23%
Red Pill Blues(2017) Lips On You
23%
Hands All Over(2010) Never Gonna Leave This Bed
23%
Hands All Over(Bonus)(2010) No Curtain Call
23%
It Won't Be Soon Before Long(2007) Nothing Lasts Forever
23%
Red Pill Blues(Bonus)(2017) Plastic Rose
23%
JORDI(2021) Seasons
23%
V(Bonus)(2014) Shoot Love
23%
Overexposed(2012) The Man Who Never Lied
23%
Songs About Jane(2002) Through With You
23%
Red Pill Blues(2017) Whiskey
23%
Songs About Jane(Bonus)(2012) Woman
23%
Red Pill Blues(2017) Best 4 U
20%
JORDI(Bonus)(2021) Button
20%
Love Is Like(Bonus)(2025) Closer
20%
Red Pill Blues(2017) Closure
20%
V(2014) In Your Pocket
20%
Hands All Over(2010) Just a Feeling
20%
V(2014) My Heart is Open
20%
Love Is Like(2025) My Love
20%
V(2014) New Love
20%
JORDI(2021) One Light
20%
Hands All Over(2010) Out of Goodbyes
20%
JORDI(2021) Remedy
20%
Songs About Jane(Bonus)(2012) Take What You Want
20%
Overexposed(Bonus)(2012) Wasted Years
20%
Red Pill Blues(2017) Who I Am
20%
The Fourth World(1997) Captain Splendid
17%
V(2014) Coming Back for You
17%
Hands All Over(2010) Don't Know Nothing
17%
Hands All Over(2010) Get Back In My Life
17%
Hands All Over(2010) I Can't Lie
17%
Love Is Like(2025) I Like It
17%
Hands All Over(Bonus)(2010) Last Chance
17%
It Won't Be Soon Before Long(2007) Little of Your Time
17%
It Won't Be Soon Before Long(Bonus)(2007) Losing My Mind
17%
We Like Digging?(1994) Mental Mind Fuck
17%
Non-Album(2023) Middle Ground
17%
JORDI(2021) Nobody's Love
17%
It Won't Be Soon Before Long(2007) Not Falling Apart
17%
Hands All Over(Bonus)(2010) The Air That I Breathe
17%
It Won't Be Soon Before Long(Bonus)(2007) The Way I Was
17%
It Won't Be Soon Before Long(Bonus)(2007) Until You're Over Me
17%
Overexposed(2012) Beautiful Goodbye
13%
Red Pill Blues(2017) Bet My Heart
13%
It Won't Be Soon Before Long(2007) Better That We Break
13%
The Fourth World(Bonus)(1997) Buddy "Two Shoes" Wilson
13%
JORDI(2021) Can't Leave You Alone
13%
JORDI(2021) Convince Me Otherwise
13%
It Won't Be Soon Before Long(Bonus)(2007) Figure It Out
13%
It Won't Be Soon Before Long(Bonus)(2007) Infatuation
13%
It Won't Be Soon Before Long(Bonus)(2007) Miss You, Love You
13%
The Fourth World(1997) My Ocean Blue
13%
The Fourth World(1997) Myself
13%
The Fourth World(1997) Oliver
13%
It Won't Be Soon Before Long(Bonus)(2007) Story
13%
The Fourth World(1997) The Never Saga
13%
Red Pill Blues(Bonus)(2017) Visions
13%
The Fourth World(1997) Pantry Queen
10%
The Fourth World(1997) Sleepy Windbreaker
10%
The Fourth World(1997) To Her, with Love
10%
The Fourth World(1997) Future Kid
7%
The Fourth World(1997) Loving the Small Time
7%
We Like Digging?(1994) Clomb
3%
We Like Digging?(1994) Dame Cabeza
3%
We Like Digging?(1994) Genius
3%
We Like Digging?(1994) Give Me Love
3%
Non-Album(2011) Is Anybody Out There
3%
We Like Digging?(1994) Leave a Message
3%
We Like Digging?(1994) Miner
3%
We Like Digging?(1994) Peeler
3%
We Like Digging?(1994) Ray Pim
3%
We Like Digging?(1994) Stable
3%
We Like Digging?(1994) Untitled
3%
No matching quizzes found
Score Distribution
Percent of People with Each Score
Percentile by Number Answered
Your Score History
You have not taken this quiz since the last reset